|
|
|
|
| LEADER |
02172nam a2200601 a 4500 |
| 001 |
nkc20152653389 |
| 003 |
CZ PrNK |
| 005 |
20150518080044.0 |
| 007 |
ta |
| 008 |
150423s2015 xr e 000 1 cze |
| 015 |
|
|
|a cnb002653389
|
| 020 |
|
|
|a 978-80-262-0785-6
|q (brož.)
|
| 035 |
|
|
|a (OCoLC)910988067
|
| 040 |
|
|
|a ABA001
|b cze
|
| 072 |
|
7 |
|a 27-1/-2
|x Křesťanská teologie. Dogmatická teologie
|2 Konspekt
|9 5
|
| 080 |
|
|
|a 27-184
|2 MRF
|
| 080 |
|
|
|a 27-144.82
|2 MRF
|
| 080 |
|
|
|a 27-144.89
|2 MRF
|
| 080 |
|
|
|a 27-1/-9
|2 MRF
|
| 080 |
|
|
|a 27-4
|2 MRF
|
| 080 |
|
|
|a 27-583
|2 MRF
|
| 080 |
|
|
|a 27-277
|2 MRF
|
| 080 |
|
|
|a (0:82-5)
|2 MRF
|
| 100 |
1 |
|
|a Brantschen, Johannes B.
|q (Johannes Baptist),
|d 1935-
|7 skuk0000155
|4 aut
|
| 245 |
1 |
0 |
|a Bůh je větší než naše srdce :
|b příběh ztraceného syna /
|c Johannes B. Brantschen ; [z německého originálu ...přeložila Soňa Rychlá]
|
| 246 |
3 |
0 |
|a Příběh ztraceného syna
|
| 250 |
|
|
|a Vyd. 1.
|
| 260 |
|
|
|a Praha :
|b Portál,
|c 2015
|
| 300 |
|
|
|a 111 s. ;
|c 17 cm
|
| 650 |
0 |
7 |
|a Bůh a člověk
|7 ph116953
|x křesťanské pojetí
|2 czenas
|
| 650 |
0 |
7 |
|a Boží láska
|7 ph754609
|2 czenas
|
| 650 |
0 |
7 |
|a Boží milosrdenství
|7 ph285146
|2 czenas
|
| 650 |
0 |
7 |
|a Trojice
|7 ph118144
|2 czenas
|
| 650 |
0 |
7 |
|a křesťanské učení
|7 ph122129
|2 czenas
|
| 650 |
0 |
7 |
|a křesťanský život
|7 ph122132
|2 czenas
|
| 650 |
0 |
7 |
|a křesťanská meditace
|7 ph115060
|2 czenas
|
| 650 |
0 |
7 |
|a biblická interpretace
|7 ph118847
|2 czenas
|
| 650 |
0 |
9 |
|a relations between God and man
|x Christian approach
|2 eczenas
|
| 650 |
0 |
9 |
|a love of God
|2 eczenas
|
| 650 |
0 |
9 |
|a graciousness of God
|2 eczenas
|
| 650 |
0 |
9 |
|a Trinity
|2 eczenas
|
| 650 |
0 |
9 |
|a Christian doctrine
|2 eczenas
|
| 650 |
0 |
9 |
|a Christian life
|2 eczenas
|
| 650 |
0 |
9 |
|a Christian meditation
|2 eczenas
|
| 650 |
0 |
9 |
|a Biblical interpretation
|2 eczenas
|
| 655 |
|
7 |
|a kázání
|7 fd131846
|2 czenas
|
| 655 |
|
9 |
|a sermons
|2 eczenas
|
| 765 |
0 |
|
|t Gott ist größer als unser Herz
|9 Česky
|
| 910 |
2 |
|
|a BOA001
|b 1-1345.897
|
| 990 |
|
|
|a BK
|
| 995 |
|
|
|a 01
|
| 991 |
|
|
|b 201504
|c NOV
|e n
|
| 996 |
6 |
|
|b 2610631275
|c 1-1345.897
|l MZK
|r Sklad / do 1 hodiny
|n 0
|p p.v.
|w 001502286
|u 000010
|a 1
|e BOA001
|j MZK50
|s P
|